[Event "CUB-ch U18 Girls"]
[Site "Pinar del Rio"]
[Date "2019.07.03"]
[Round "9"]
[White "Nieto Rego, Ana"]
[Black "Sierra Cartaya, Ana Barbara"]
[Result "0-1"]
[WhiteElo "1919"]
[BlackElo "2083"]
[PlyCount "66"]
[EventDate "2019.06.28"]
[EventType "swiss"]
[EventRounds "9"]
[EventCountry "CUB"]
[SourceTitle "CBM 195 Extra"]
[Source "ChessBase"]
[SourceDate "2020.05.31"]
[SourceVersion "1"]
[SourceVersionDate "2020.05.31"]
[SourceQuality "1"]

1. e4 d6 2. d4 Nf6 3. Nc3 g6 4. h3 Bg7 5. Nf3 0-0 6. Be3 c6 7. a4 Nbd7 8. a5 Rb8 9. Be2 b5 10. axb6 axb6 11. 0-0 b5 12. e5 dxe5 13. dxe5 Nd5 14. Nxd5 cxd5 15. Bf4 e6 16. Nd4 Rb6 17. Nxb5 Nxe5 18. Be3 Ra6 19. Bc5 Re8 20. Rxa6 Bxa6 21. Qa1 Nd7 22. Bb4 Qb6 23. Ba5 Qc5 24. c4 Bxb5 25. cxb5 Ra8 26. Qa2 Qc2 27. Bd1 Qxb2 28. Qxb2 Bxb2 29. Bb4 Bd4 30. Be2 Ra2 31. Re1 Nf6 32. Rc1 Ne4 33. Rc8+ Kg7 0-1

[Event "Guillermo Garcia Memorial op 28th"]
[Site "Santa Clara"]
[Date "2019.04.25"]
[Round "3"]
[White "Sierra Cartaya, Ana Barbara"]
[Black "Servello Horta, Yane"]
[Result "1-0"]
[WhiteElo "2030"]
[BlackElo "1492"]
[PlyCount "49"]
[EventDate "2019.04.23"]
[EventType "swiss"]
[EventRounds "9"]
[EventCountry "CUB"]
[SourceTitle "EXT 2020"]
[Source "ChessBase"]
[SourceDate "2019.10.17"]
[SourceVersion "1"]
[SourceVersionDate "2019.10.17"]
[SourceQuality "1"]

1. e4 c5 2. Nf3 e6 3. d4 cxd4 4. Nxd4 a6 5. c4 Qc7 6. Nc3 Nf6 7. Be2 Be7 8. Be3 0-0 9. 0-0 b6 10. Rc1 Bb7 11. f3 d6 12. Qd2 Nbd7 13. Rfd1 Rac8 14. Bf1 Qb8 15. Qf2 Bd8 16. b4 Bc7 17. Nb3 Rfd8 18. Kh1 Ba8 19. Rb1 Ne5 20. a4 Nc6 21. b5 axb5 22. Nxb5 Nd7 23. N3d4 Na7 24. a5 Nc5 25. Nxc7 1-0

[Event "Guillermo Garcia Memorial op 28th"]
[Site "Santa Clara"]
[Date "2019.04.23"]
[Round "1"]
[White "Sierra Cartaya, Ana Barbara"]
[Black "Batista Suarez, Jeorling Yahytin"]
[Result "1/2-1/2"]
[WhiteElo "2030"]
[BlackElo "2288"]
[PlyCount "111"]
[EventDate "2019.04.23"]
[EventType "swiss"]
[EventRounds "9"]
[EventCountry "CUB"]
[SourceTitle "EXT 2020"]
[Source "ChessBase"]
[SourceDate "2019.10.17"]
[SourceVersion "1"]
[SourceVersionDate "2019.10.17"]
[SourceQuality "1"]

1. e4 c5 2. c3 Nc6 3. d4 cxd4 4. cxd4 d5 5. exd5 Qxd5 6. Nf3 Bg4 7. Be2 e6 8. Nc3 Bb4 9. 0-0 Qd7 10. d5 exd5 11. Nxd5 Bd6 12. Qa4 Be6 13. Nb6 axb6 14. Qxa8+ Qc8 15. Qxc8+ Bxc8 16. Be3 Bc7 17. Nd4 Nge7 18. Nb5 Be5 19. Bxb6 0-0 20. Nc3 Be6 21. Rad1 Bxc3 22. bxc3 Nd5 23. Bd4 Nxd4 24. cxd4 Nc3 25. Rd2 Nxe2+ 26. Rxe2 Bc4 27. Rb2 Bxf1 28. Kxf1 Rb8 29. a4 Kf8 30. Ke2 Ke7 31. Kd3 Kd6 32. Kc4 Rc8+ 33. Kb5 Rc6 34. Re2 Kd7 35. d5 Rd6 36. Kc5 Rg6 37. Rb2 Kc8 38. g3 Rh6 39. h4 Rf6 40. f4 Ra6 41. Rb4 h5 42. f5 Rf6 43. Rf4 Kc7 44. Kd4 Ra6 45. Ke3 Rb6 46. Rd4 Kd6 47. Kf4 f6 48. Ke4 Rb1 49. Rd3 Re1+ 50. Kf3 Re5 51. Rb3 Rxf5+ 52. Kg2 Rxd5 53. Rxb7 Rd2+ 54. Kf3 Rd3+ 55. Kf2 Rd2+ 56. Kf3 1/2-1/2

[Event "Giraldilla de La Habana op"]
[Site "Havana"]
[Date "2018.07.28"]
[Round "1"]
[White "Sierra Cartaya, Ana Barbara"]
[Black "Perez Marin, Olivia"]
[Result "1-0"]
[WhiteElo "1965"]
[BlackElo "1749"]
[PlyCount "99"]
[EventDate "2018.07.28"]
[EventType "swiss"]
[EventRounds "9"]
[EventCountry "CUB"]
[SourceTitle "EXT 2021"]
[Source "ChessBase"]
[SourceDate "2020.10.23"]
[SourceVersion "1"]
[SourceVersionDate "2020.10.23"]
[SourceQuality "1"]

1. e4 e6 2. d3 d5 3. Nd2 c5 4. Ngf3 Nc6 5. g3 d4 6. Bg2 e5 7. 0-0 Bd6 8. Nc4 Nge7 9. Nfd2 Be6 10. f4 f6 11. fxe5 Nxe5 12. Nxe5 Bxe5 13. Nc4 Qd7 14. Bd2 0-0-0 15. Nxe5 fxe5 16. a3 h5 17. Bg5 Rdg8 18. b4 Ng6 19. h4 c4 20. Bf3 Rf8 21. Bxh5 Rxf1+ 22. Kxf1 Bh3+ 23. Kg1 Qe6 24. dxc4 Rf8 25. Qe2 Qd6 26. c5 Qe6 27. Kh2 Nh8 28. Bf3 Qf7 29. Kxh3 Qxf3 30. Qxf3 Rxf3 31. Kg2 Rc3 32. Ra2 Kd7 33. Bd2 Rc4 34. Kf3 b6 35. cxb6 axb6 36. a4 Nf7 37. a5 b5 38. a6 Rc8 39. g4 Nd6 40. h5 Nc4 41. Ke2 Nb6 42. g5 Na4 43. h6 gxh6 44. gxh6 Rh8 45. Ra1 Kc6 46. Rg1 Kb6 47. Rg6+ Ka7 48. Bg5 Ka8 49. Bf6 Rc8 50. Kd2 1-0

[Event "CUB-ch U18 Girls"]
[Site "San Nicolas de Bari"]
[Date "2018.06.14"]
[Round "2"]
[White "Sierra Cartaya, Ana Barbara"]
[Black "Heredero Gascon, Elizabeth"]
[Result "1-0"]
[WhiteElo "1932"]
[BlackElo "1717"]
[PlyCount "113"]
[EventDate "2018.06.13"]
[EventType "swiss"]
[EventRounds "9"]
[EventCountry "CUB"]
[SourceTitle "EXT 2021"]
[Source "ChessBase"]
[SourceDate "2020.10.23"]
[SourceVersion "1"]
[SourceVersionDate "2020.10.23"]
[SourceQuality "1"]

1. e4 e5 2. Nf3 Nf6 3. Nxe5 d6 4. Nf3 Nxe4 5. Nc3 Nf6 6. d4 Be7 7. Bf4 Bg4 8. Be2 Nbd7 9. Qd2 d5 10. a3 c6 11. h3 Bf5 12. 0-0 0-0 13. Rfe1 Ne4 14. Nxe4 Bxe4 15. Qc3 Bf6 16. Ne5 Nxe5 17. dxe5 Bg5 18. Bg3 Bh4 19. Bxh4 Qxh4 20. Bf1 Rfe8 21. Qb4 Qe7 22. Qc3 Qg5 23. a4 Re6 24. Re3 Rae8 25. Rae1 Qf5 26. R1e2 Qg5 27. Qa5 a6 28. c4 Qxe5 29. f3 Qd4 30. fxe4 Rxe4 31. Qc3 Qxc3 32. Rxe4 Rxe4 33. bxc3 Rxe2 34. Bxe2 dxc4 35. Bxc4 Kf8 36. Kf2 Ke7 37. a5 f6 38. Ke3 Kd6 39. Bg8 Kc5 40. Bxh7 Kb5 41. Kd4 Kxa5 42. Kc5 Ka4 43. Kb6 Kb3 44. Kxb7 a5 45. Kxc6 a4 46. Kb5 a3 47. Bg8+ Kxc3 48. Ka4 Kd4 49. Kxa3 Ke4 50. Kb4 Kf4 51. Kc4 g5 52. Kd4 Kg3 53. Bd5 f5 54. Ke5 g4 55. h4 Kxh4 56. Kxf5 Kh5 57. g3 1-0

[Event "Capablanca Memorial op 53rd"]
[Site "Havana"]
[Date "2018.05.15"]
[Round "6"]
[White "Estrada Nieto, Julian"]
[Black "Sierra Cartaya, Ana Barbara"]
[Result "1-0"]
[WhiteElo "2213"]
[BlackElo "2036"]
[PlyCount "93"]
[EventDate "2018.05.09"]
[EventType "swiss"]
[EventRounds "10"]
[EventCountry "CUB"]
[SourceTitle "EXT 2021"]
[Source "ChessBase"]
[SourceDate "2020.10.23"]
[SourceVersion "1"]
[SourceVersionDate "2020.10.23"]
[SourceQuality "1"]

1. e4 d6 2. d4 Nf6 3. Nc3 g6 4. Nf3 Bg7 5. Be2 0-0 6. 0-0 c6 7. a4 Nbd7 8. a5 Qc7 9. h3 e5 10. Re1 Re8 11. dxe5 dxe5 12. Bc4 Nf8 13. Ng5 Ne6 14. Nxe6 Bxe6 15. Qe2 Bxc4 16. Qxc4 Nd7 17. Be3 Nf8 18. a6 Ne6 19. axb7 Qxb7 20. Ra2 Nd4 21. b3 Red8 22. Rea1 Rd7 23. Na4 Qb5 24. Qxb5 Nxb5 25. Nb6 Rad8 26. Nxd7 Rxd7 27. c4 Nd4 28. Rxa7 Rxa7 29. Rxa7 Bf8 30. Bxd4 exd4 31. Rd7 c5 32. Kf1 g5 33. Ke2 Kg7 34. e5 Kg6 35. Kf3 h5 36. g4 hxg4+ 37. hxg4 Bg7 38. Ke4 Bf8 39. Rd8 Kg7 40. Kf5 Kg8 41. Kxg5 Kg7 42. Kf5 Be7 43. Rd7 Kf8 44. f4 Ke8 45. e6 f6 46. g5 fxg5 47. fxg5 1-0

[Event "Capablanca Memorial op 53rd"]
[Site "Havana"]
[Date "2018.05.11"]
[Round "3"]
[White "Sierra Cartaya, Ana Barbara"]
[Black "Alvarez Calzadilla, Jose Avelino"]
[Result "0-1"]
[WhiteElo "2036"]
[BlackElo "2171"]
[PlyCount "72"]
[EventDate "2018.05.09"]
[EventType "swiss"]
[EventRounds "10"]
[EventCountry "CUB"]
[SourceTitle "EXT 2019"]
[Source "ChessBase"]
[SourceDate "2018.10.10"]
[SourceVersion "1"]
[SourceVersionDate "2018.10.10"]
[SourceQuality "1"]

1. e4 c5 2. Nf3 e6 3. d3 Nc6 4. g3 d5 5. Nbd2 Bd6 6. Bg2 Nge7 7. 0-0 0-0 8. Re1 f6 9. c3 d4 10. Nc4 e5 11. Nfd2 Bc7 12. cxd4 cxd4 13. Nb3 b5 14. Na3 a6 15. f4 Be6 16. f5 Bf7 17. g4 Qd6 18. g5 Kh8 19. Rf1 Nb4 20. h4 Rac8 21. h5 fxg5 22. Bxg5 Ng8 23. Bf3 Bd8 24. Bxd8 Qxd8 25. Rf2 Qg5+ 26. Kf1 Nf6 27. Rg2 Qe3 28. Be2 h6 29. Nc1 Rc7 30. Qe1 Rfc8 31. Nc4 bxc4 32. Qxb4 cxd3 33. Nxd3 Nxe4 34. Qa5 Ng3+ 35. Rxg3 Qxg3 36. Qxe5 Rc1+ 0-1

[Event "Capablanca Memorial op 53rd"]
[Site "Havana"]
[Date "2018.05.09"]
[Round "1"]
[White "Miranda Rodriguez, Tania"]
[Black "Sierra Cartaya, Ana Barbara"]
[Result "1-0"]
[WhiteElo "2187"]
[BlackElo "2036"]
[PlyCount "133"]
[EventDate "2018.05.09"]
[EventType "swiss"]
[EventRounds "10"]
[EventCountry "CUB"]
[SourceTitle "EXT 2019"]
[Source "ChessBase"]
[SourceDate "2018.10.10"]
[SourceVersion "1"]
[SourceVersionDate "2018.10.10"]
[SourceQuality "1"]

1. e4 d6 2. d4 Nf6 3. Nc3 g6 4. Nf3 Bg7 5. Be2 0-0 6. 0-0 c6 7. a4 Bg4 8. Bg5 Nbd7 9. Re1 e5 10. d5 Qc7 11. h3 Bxf3 12. Bxf3 cxd5 13. exd5 a6 14. a5 b5 15. axb6 Nxb6 16. Qd3 Qb7 17. Bxf6 Bxf6 18. Ne4 Be7 19. Nc5 Qc8 20. Nxa6 Nc4 21. Nb4 Qc5 22. Qc3 f5 23. Rxa8 Rxa8 24. b3 Nb6 25. Qxc5 dxc5 26. Nc6 Bd6 27. Nxe5 Ra2 28. c4 Ra3 29. Bd1 Ra1 30. Nd3 Kf7 31. Kf1 Nd7 32. f4 Nf6 33. Ne5+ Kf8 34. Bf3 Ra3 35. Re3 Bc7 36. Kf2 Bd6 37. g4 fxg4 38. hxg4 Kg7 39. g5 Ng8 40. Bg4 h5 41. gxh6+ Nxh6 42. Kf3 Ra1 43. Be6 Rf1+ 44. Ke4 Kf6 45. Re2 Nf5 46. Ng4+ Kg7 47. Bxf5 Rxf4+ 48. Kd3 gxf5 49. Ne3 Kf6 50. Ra2 Rd4+ 51. Ke2 Re4 52. Ra6 Ke5 53. Kf3 Rf4+ 54. Ke2 Re4 55. Kd3 Rd4+ 56. Kc3 Rf4 57. Rc6 Rf3 58. Kd2 Rf2+ 59. Kd3 Rf3 60. Ke2 Rf4 61. b4 cxb4 62. c5 Bf8 63. Re6+ Kd4 64. c6 Rh4 65. c7 Rh2+ 66. Kf3 b3 67. c8Q 1-0

[Event "Artemisa Inder Anivers"]
[Site "Artemisa"]
[Date "2018.02.24"]
[Round "9.2"]
[White "Sierra Cartaya, Ana Barbara"]
[Black "Blanco Milet, Leandro"]
[Result "1-0"]
[WhiteElo "2006"]
[BlackElo "2055"]
[PlyCount "97"]
[EventDate "2018.02.20"]
[EventType "team-tourn"]
[EventRounds "10"]
[EventCountry "CUB"]
[SourceTitle "EXT 2021"]
[Source "ChessBase"]
[SourceDate "2020.10.23"]
[SourceVersion "1"]
[SourceVersionDate "2020.10.23"]
[SourceQuality "1"]
[WhiteTeam "Mayabeque"]
[BlackTeam "Havana"]
[WhiteTeamCountry "CUB"]
[BlackTeamCountry "CUB"]

1. e4 d5 2. exd5 Nf6 3. Bb5+ Bd7 4. Be2 Nxd5 5. Nf3 Bf5 6. d4 e6 7. 0-0 Be7 8. c4 Nb4 9. Na3 N8c6 10. Be3 0-0 11. Nb5 Bf6 12. Qd2 a6 13. Nc3 Nc2 14. Rad1 Nxe3 15. Qxe3 Re8 16. Ne5 Ne7 17. f4 Bxe5 18. dxe5 Qc8 19. Rd2 Rd8 20. Rxd8+ Qxd8 21. Rd1 Qe8 22. Qd4 Nc6 23. Qd7 Qxd7 24. Rxd7 Rc8 25. Bf3 Nd8 26. Ne4 Bxe4 27. Bxe4 Kf8 28. Kf2 Ke8 29. Rd3 h6 30. Rb3 b6 31. Ra3 a5 32. c5 Ke7 33. cxb6 cxb6 34. Rb3 Rb8 35. Rg3 Kf8 36. Rc3 Nb7 37. Bxb7 Rxb7 38. Rc6 Ke7 39. Ke3 Kd7 40. Rd6+ Kc7 41. Kd4 Kc8 42. Kc4 Rc7+ 43. Kb5 Rc2 44. Rc6+ Rxc6 45. Kxc6 f6 46. Kxb6 Kd7 47. Kxa5 Kc6 48. b4 fxe5 49. b5+ 1-0

[Event "CUB School-chT"]
[Site "Santa Clara"]
[Date "2017.07.17"]
[Round "9.2"]
[White "Vieites Santana, Daniela Ines"]
[Black "Sierra Cartaya, Ana Barbara"]
[Result "1/2-1/2"]
[WhiteElo "1827"]
[BlackElo "1971"]
[PlyCount "95"]
[EventDate "2017.07.13"]
[EventType "team-swiss"]
[EventRounds "9"]
[EventCountry "CUB"]
[SourceTitle "EXT 2023"]
[Source "ChessBase"]
[SourceDate "2022.10.05"]
[SourceVersion "1"]
[SourceVersionDate "2022.10.05"]
[SourceQuality "1"]

1. e4 d6 2. d4 Nf6 3. Nc3 g6 4. Bg5 Bg7 5. e5 Nfd7 6. f4 h6 7. Bh4 g5 8. e6 gxh4 9. Qh5 Ne5 10. dxe5 Bxe6 11. f5 Bxf5 12. Qxf5 Bxe5 13. 0-0-0 e6 14. Qe4 Nd7 15. Nf3 Nc5 16. Qb4 a5 17. Qc4 Bg7 18. Ne4 Nd7 19. Qa4 0-0 20. Bd3 Nb6 21. Qb5 d5 22. Nc5 c6 23. Qb3 Qc7 24. Be2 a4 25. Qb4 Kh8 26. Nd4 Rae8 27. Bh5 Re7 28. Rhf1 Nd7 29. Nxd7 Qxd7 30. Qe1 c5 31. Nf3 Qb5 32. Ne5 c4 33. c3 a3 34. Rd2 Qa5 35. Rf3 Rc7 36. Nxf7+ Rfxf7 37. Bxf7 axb2+ 38. Rxb2 e5 39. Bg6 d4 40. Qxh4 Rd7 41. Qg4 dxc3 42. Qxd7 cxb2+ 43. Kb1 Qe1+ 44. Kxb2 e4+ 45. Kc2 Qe2+ 46. Qd2 exf3 47. gxf3 Qxd2+ 48. Kxd2 1/2-1/2

[Event "CUB School-chT"]
[Site "Santa Clara"]
[Date "2017.07.15"]
[Round "5.1"]
[White "Sierra Cartaya, Ana Barbara"]
[Black "Diaz Garcia, Lianet"]
[Result "1-0"]
[WhiteElo "1971"]
[BlackElo "1716"]
[PlyCount "95"]
[EventDate "2017.07.13"]
[EventType "team-swiss"]
[EventRounds "9"]
[EventCountry "CUB"]
[SourceTitle "EXT 2023"]
[Source "ChessBase"]
[SourceDate "2022.10.05"]
[SourceVersion "1"]
[SourceVersionDate "2022.10.05"]
[SourceQuality "1"]

1. e4 c5 2. Nf3 g6 3. d3 Bg7 4. g3 Nc6 5. Bg2 d6 6. Nbd2 e5 7. c3 Nge7 8. 0-0 0-0 9. Re1 h6 10. Nf1 Be6 11. h4 d5 12. exd5 Nxd5 13. Ne3 Qc7 14. Nxd5 Bxd5 15. Be3 Ne7 16. d4 Rad8 17. dxc5 Nf5 18. Qc1 Qc6 19. Qd1 Be4 20. Qe2 Bd3 21. Qd1 e4 22. Nd2 Nxe3 23. Rxe3 f5 24. b4 Qd5 25. Rc1 Bc4 26. Rc2 h5 27. Qe1 Bd3 28. Rc1 Bh6 29. f4 exf3 30. Nxf3 Bxe3+ 31. Qxe3 Rfe8 32. Qg5 Qf7 33. Ne5 Qe7 34. Qxg6+ Qg7 35. Qxg7+ Kxg7 36. Nxd3 Rxd3 37. Bxb7 Rxg3+ 38. Kf2 Ree3 39. Rg1 Rxg1 40. Kxe3 Kf6 41. Bf3 Kg6 42. c6 Re1+ 43. Be2 f4+ 44. Kd2 Ra1 45. c7 Rxa2+ 46. Kd3 Rxe2 47. Kxe2 f3+ 48. Kxf3 1-0

[Event "CUB School-chT"]
[Site "Santa Clara"]
[Date "2017.07.13"]
[Round "1.1"]
[White "Cordon Antunez, Olga Rachel"]
[Black "Sierra Cartaya, Ana Barbara"]
[Result "0-1"]
[WhiteElo "1775"]
[BlackElo "1971"]
[PlyCount "122"]
[EventDate "2017.07.13"]
[EventType "team-swiss"]
[EventRounds "9"]
[EventCountry "CUB"]
[SourceTitle "EXT 2023"]
[Source "ChessBase"]
[SourceDate "2022.10.05"]
[SourceVersion "1"]
[SourceVersionDate "2022.10.05"]
[SourceQuality "1"]

1. e4 d6 2. d4 Nf6 3. Nc3 g6 4. Be3 c6 5. f3 Nbd7 6. Qd2 b5 7. d5 cxd5 8. Nxd5 a6 9. 0-0-0 Bg7 10. Nxf6+ Nxf6 11. e5 Nd7 12. exd6 0-0 13. Bg5 Nf6 14. dxe7 Qxe7 15. Re1 Qc7 16. Bd3 Be6 17. Kb1 Nd5 18. Ne2 Qc5 19. Bh6 Bh8 20. Nf4 Rfe8 21. Nxe6 fxe6 22. Be3 Qc7 23. Qc1 Nc3+ 24. Ka1 Qa5 25. a3 Nd5 26. Kb1 b4 27. Bd2 Rab8 28. a4 Nc3+ 29. Bxc3 bxc3 30. b3 Qxa4 31. Qb2 cxb2 32. bxa4 Rb4 33. Re4 Rxe4 34. Bxe4 Rc8 35. Bd3 Rc3 36. Rd1 Ra3 37. c3 Bxc3 38. Kc2 Bf6 39. Bxa6 Rxa4 40. Bb5 Ra1 41. Rb1 Ra5 42. Bc4 Kf7 43. Re1 Be5 44. f4 Ra1 45. Bxe6+ Kf6 46. Rb1 Rxb1 47. Kxb1 Kxe6 48. fxe5 Kxe5 49. Kxb2 Ke4 50. Kc2 Ke3 51. Kd1 Kf2 52. g4 g5 53. Kd2 Kg2 54. Ke2 Kxh2 55. Kf2 Kh3 56. Kf3 h6 57. Kf2 Kxg4 58. Kg2 h5 59. Kh1 Kf3 60. Kg1 g4 61. Kf1 g3 0-1